Central Library OPAC University of Rajshahi

Human motivation: probability and meaning / (Record no. 30032)

MARC details
000 -LEADER
fixed length control field 00657nam a22002411 4500
001 - CONTROL NUMBER
control field 30032
003 - CONTROL NUMBER IDENTIFIER
rucl marc code BD-RjUL
005 - DATE AND TIME OF LATEST TRANSACTION
control field 20211209051511.0
008 - FIXED-LENGTH DATA ELEMENTS--GENERAL INFORMATION
fixed length control field 140408s1957 ilu 001 0 eng d
035 ## - SYSTEM CONTROL NUMBER
System control number (BD-RjUL)30117
040 ## - CATALOGING SOURCE
Original cataloging agency DLC
Transcribing agency DLC
Modifying agency DLC
Language of cataloging eng
041 ## - LANGUAGE CODE
Language code of text/sound track or separate title eng
082 00 - DEWEY DECIMAL CLASSIFICATION NUMBER
Classification number 150
Author mark and year SCH 1957
100 1# - MAIN ENTRY--PERSONAL NAME
Personal name Schreier, Fred T.
9 (RLIN) 91349
245 10 - TITLE STATEMENT
Title Human motivation: probability and meaning /
Statement of responsibility, etc. Fred T. Schreier.
260 ## - PUBLICATION, DISTRIBUTION, ETC. (IMPRINT)
Place of publication, distribution, etc. Glencoe, Ill. :
Name of publisher, distributor, etc. Free Press,
Date of publication, distribution, etc. c1957.
300 ## - PHYSICAL DESCRIPTION
Pagination 256 p. ;
Size 21 cm.
504 ## - BIBLIOGRAPHY, ETC. NOTE
Bibliography, etc Includes Index
650 #0 - SUBJECT ADDED ENTRY--TOPICAL TERM
Topical term or geographic name as entry element Motivation (Psychology)
9 (RLIN) 91350
942 ## - ADDED ENTRY ELEMENTS (KOHA)
Source of classification or shelving scheme Dewey Decimal Classification
Koha item type Books
Holdings
Lost status Source of classification or shelving scheme Damaged status Not for loan Collection code Permanent Location Current Location Shelving location Date acquired Source of acquisition Cost, normal purchase price Total Checkouts Full call number Date last seen Copy number Koha item type
  Dewey Decimal Classification   Added to bundle Non-fiction Central Library, University of Rajshahi Central Library, University of Rajshahi Reading Room 24/06/1963 Zitlinger 39.00   150 SCH 1957 08/04/2014 C-1 Books